| Tag |
First Indicator |
Second Indicator |
Subfields |
| LEADER |
00000nam a2200000Ia 4500 |
| 001 |
in00004179521 |
| 005 |
20200807090416.0 |
| 006 |
m g d |
| 007 |
cr bn |||a|bb| |
| 008 |
830408s1673 enkbf o 00| | eng d |
| 035 |
|
|
|a (OCoLC)9390654
|
| 040 |
|
|
|c EEU
|d WaOLN
|
| 037 |
|
|
|a CL0037000044
|b ProQuest Information and Learning. 300 N. Zeeb Rd., Ann Arbor, MI 48106
|
| 043 |
|
|
|a e-ie---
|
| 049 |
|
|
|a EEUB
|
| 090 |
|
|
|a DA910
|b .P74
|
| 245 |
0 |
4 |
|a The Present state of Ireland :
|b together with some remarques upon the antient state thereof : likewise a description of the chief towns : with a map of the kingdome.
|
| 260 |
|
|
|a London :
|b Printed by M.D. for Chr. Wilkinson and T. Burrell,
|c 1673.
|
| 300 |
|
|
|a 1 online resource ([22], 280 pages, [1] leaf of plates :
|b map.
|
| 336 |
|
|
|a text
|b txt
|2 rdacontent
|
| 337 |
|
|
|a computer
|b c
|2 rdamedia
|
| 338 |
|
|
|a online resource
|b cr
|2 rdacarrier
|
| 500 |
|
|
|a Reproduction of original in the Bodleian Library.
|
| 510 |
4 |
|
|a Wing
|c P3267.
|
| 533 |
|
|
|a Electronic reproduction.
|b Ann Arbor, Mich. :
|c UMI,
|d 1999-
|f (Early English books online)
|n Digital version of: (Early English books, 1641-1700 ; 1314:8)
|7 s1999 miun s
|
| 651 |
|
0 |
|a Ireland
|x History
|v Early works to 1800.
|
| 651 |
|
0 |
|a Ireland
|x Description and travel.
|
| 651 |
|
0 |
|a Ireland
|x Description and travel
|v Early works to 1800.
|
| 830 |
|
0 |
|a Early English books online.
|
| 856 |
4 |
0 |
|u http://proxy.library.tamu.edu/login?url=https://search.proquest.com/docview/2264213516
|z Connect to the full text of this electronic book
|t 0
|
| 999 |
f |
f |
|s 8b302fe8-e4fd-3723-86cd-8dc0c80cdaba
|i 1d927819-799a-3630-a512-014cd168a971
|t 0
|
| 952 |
f |
f |
|a Texas A&M University
|b College Station
|c Electronic Resources
|d Available Online
|t 0
|e DA910 .P74
|h Library of Congress classification
|
| 998 |
f |
f |
|a DA910 .P74
|t 0
|l Available Online
|